000 00540nac a22002051ca4500
001 a987666551
008 170707s2010 gw |||| 000u rus d
041 _arus
100 1 _aManjagin, Vjačeslav G.
_910088
245 0 0 _aChazary :
_btainstvennyj sled v russkoj istorii
264 _aMoskva :
_bAlgoritm [u.a.],
_c2010
300 _a336 S.
650 0 _aChasaren
_914582
942 _cMG
040 _cRU-10907106
003 RU-10907106
999 _c43973
_d43973
490 0 _aSlavnaja Rus'
520 _aDie Vorlage enthält insgesamt 3 Werke